000 00654nam a2200265Ia 4500
005 20260324153339.0
008 008 260324s9999 xx 000 0 eng d
020 _a9780323999168
037 _aEBOOK
040 _aCRL
040 _beng
040 _cCRL
041 _2eng
041 _aeng
084 _qCRL
100 _aAngelo Basile
245 0 _aAdvanced Technologies in Wastewater Treatment: Oily Wastewaters
260 _bElsevier
260 _c2023
650 _aChemical Engineering
856 _uhttps://www.sciencedirect.com/science/book/9780323999168
942 _cEBOOK
999 _c1842566
_d1842566